|
|
|
|
| LEADER |
01719nam a2200433 a 4500 |
| 001 |
EBC714187 |
| 003 |
MiAaPQ |
| 005 |
20200520144314.0 |
| 006 |
m o d | |
| 007 |
cr cn||||||||| |
| 008 |
110621s2010 enka sb 001 0 eng d |
| 020 |
|
|
|z 0335238157
|
| 020 |
|
|
|z 9780335238156
|
| 020 |
|
|
|a 9780335238163 (electronic bk.)
|
| 035 |
|
|
|a (MiAaPQ)EBC714187
|
| 035 |
|
|
|a (Au-PeEL)EBL714187
|
| 035 |
|
|
|a (CaPaEBR)ebr10476264
|
| 035 |
|
|
|a (CaONFJC)MIL312376
|
| 035 |
|
|
|a (OCoLC)730151874
|
| 040 |
|
|
|a MiAaPQ
|c MiAaPQ
|d MiAaPQ
|
| 043 |
|
|
|a e-uk---
|
| 050 |
|
4 |
|a RT86.45
|b .B66 2010
|
| 100 |
1 |
|
|a Bond, Meg.
|
| 245 |
1 |
0 |
|a Skills of clinical supervision for nurses
|h [electronic resource] :
|b a practical guide for supervisees, clinical supervisors and managers /
|c Meg Bond and Stevie Holland.
|
| 250 |
|
|
|a 2nd ed.
|
| 260 |
|
|
|a Berkshire, England :
|b McGraw Hill,
|c 2010.
|
| 300 |
|
|
|a xiii, 318 p. :
|b ill.
|
| 490 |
1 |
|
|a Supervision in context
|
| 504 |
|
|
|a Includes bibliographical references and index.
|
| 505 |
0 |
|
|a pt. 1. The context of clinical supervision in nursing -- pt. 2. Specific skills of clinical supervision -- pt. 3. The big picture.
|
| 533 |
|
|
|a Electronic reproduction. Ann Arbor, MI : ProQuest, 2015. Available via World Wide Web. Access may be limited to ProQuest affiliated libraries.
|
| 610 |
1 |
0 |
|a Great Britain.
|b National Health Service.
|
| 650 |
|
0 |
|a Nurses
|x Supervision of.
|
| 650 |
|
0 |
|a Nurses
|x Supervision of
|z Great Britain.
|
| 655 |
|
4 |
|a Electronic books.
|
| 700 |
1 |
|
|a Holland, Stevie.
|
| 710 |
2 |
|
|a ProQuest (Firm)
|
| 830 |
|
0 |
|a Supervision in context.
|
| 856 |
4 |
0 |
|u https://ebookcentral.proquest.com/lib/matrademy/detail.action?docID=714187
|z Click to View
|